[Event "FICGS W-ch st1 g01 email"]
[Site "FICGS email"]
[Date "2011.04.01"]
[Round "1"]
[White "Duenas, Alexis"]
[Black "Wal, Saksham"]
[Result "1-0"]
[WhiteElo "2016"]
[BlackElo "1309"]
[PlyCount "37"]
[EventDate "2011.??.??"]
[EventType "tourn (corr)"]
[EventRounds "7"]
[SourceTitle "Corr 2013"]
[Source "ChessBase"]
[SourceDate "2012.11.12"]
[SourceVersion "1"]
[SourceVersionDate "2012.11.12"]
[SourceQuality "1"]

1. d4 e6 2. c4 d5 3. Nc3 dxc4 4. e4 Nf6 5. Bxc4 c6 6. Nf3 Bb4 7. Qe2 0-0 8. 0-0 Nbd7 9. a3 Ba5 10. Bg5 h6 11. Bh4 Re8 12. e5 Nf8 13. exf6 gxf6 14. Ne4 Nh7 15. Ne5 Ng5 16. Ng4 Kg7 17. Nexf6 Rf8 18. Qe5 Kg6 19. Bd3+ 1-0

[Event "FICGS W-ch st1 g01 email"]
[Site "FICGS email"]
[Date "2011.04.01"]
[Round "1"]
[White "Wal, Saksham"]
[Black "Drozel, Horst"]
[Result "0-1"]
[WhiteElo "1309"]
[BlackElo "1681"]
[PlyCount "26"]
[EventDate "2011.??.??"]
[EventType "tourn (corr)"]
[EventRounds "7"]
[SourceTitle "Corr 2013"]
[Source "ChessBase"]
[SourceDate "2012.11.12"]
[SourceVersion "1"]
[SourceVersionDate "2012.11.12"]
[SourceQuality "1"]

1. d4 d5 2. c4 c6 3. Nc3 Nf6 4. Nf3 e6 5. cxd5 exd5 6. Bf4 Bd6 7. e3 Bxf4 8. exf4 0-0 9. Bd3 Bg4 10. 0-0 Qb6 11. Be2 Bxf3 12. Bxf3 Qxb2 13. Qd3 Qa3 0-1